Le Congrès de Tours (décembre 1920) (Record no. 106176)

MARC details
000 -LEADER
campo de control de longitud fija 00919nam a2200253 i 4500
001 - NÚMERO DE CONTROL
campo de control 106176
003 - IDENTIFICADOR DE NÚMERO DE CONTROL
campo de control ES-MaACL
007 - CAMPO FIJO DE DESCRIPCIÓN FÍSICA--INFORMACIÓN GENERAL
campo de control de longitud fija t|
008 - DATOS DE LONGITUD FIJA--INFORMACIÓN GENERAL
campo de control de longitud fija 061005s1964 fr ||||1| fre d
080 ## - NÚMERO DE LA CLASIFICACIÓN DECIMAL UNIVERSAL
Número de la Clasificación Decimal Universal 329(44) P.C.F.
080 ## - NÚMERO DE LA CLASIFICACIÓN DECIMAL UNIVERSAL
Número de la Clasificación Decimal Universal 329(44) P.S.F.
245 03 - MENCIÓN DEL TÍTULO
Título Le Congrès de Tours (décembre 1920)
Resto del título : naissance du Parti Communiste Français : édition critique des principaux débats /
Mención de responsabilidad, etc. présentée par Annie Kriegel.
260 ## - PUBLICACIÓN, DISTRIBUCIÓN, ETC.
Lugar de publicación, distribución, etc. [Paris] :
Nombre del editor, distribuidor, etc. René Julliard,
Fecha de publicación, distribución, etc. [1964]
300 ## - DESCRIPCIÓN FÍSICA
Extensión XXX, 258 p. :
Otras características físicas il. ;
Dimensiones 19 cm.
490 1# - MENCIÓN DE SERIE
Mención de serie Archives ;
Designación de volumen o secuencia 7
500 ## - NOTA GENERAL
Nota general Biblioteca Juan Andrade.
610 27 - PUNTO DE ACCESO ADICIONAL DE MATERIA--NOMBRE DE ENTIDAD CORPORATIVA
Nombre de entidad corporativa o nombre de jurisdicción como elemento de entrada Parti communiste français.
9 (RLIN) 6125
610 27 - PUNTO DE ACCESO ADICIONAL DE MATERIA--NOMBRE DE ENTIDAD CORPORATIVA
Nombre de entidad corporativa o nombre de jurisdicción como elemento de entrada Parti socialiste (Francia)
9 (RLIN) 6127
700 1# - ENTRADA AGREGADA--NOMBRE PERSONAL
Nombre de persona Kriegel, Annie.
9 (RLIN) 68843
710 2# - ENTRADA AGREGADA--NOMBRE DE ENTIDAD CORPORATIVA
Nombre de entidad corporativa o nombre de jurisdicción como elemento de entrada Parti Socialiste (Francia).
Unidad subordinada Congrès national (
Número del congreso/reunión o número de parte o sección 18 th.
Fecha del congreso o de la firma del tratado 1920.
Sede del congreso/Lugar de la reunión Tours)
9 (RLIN) 6128
830 0# - PUNTO DE ACCESO ADICIONAL DE SERIE-TÍTULO UNIFORME
Título uniforme Archives ;
Designación de volumen o secuencia 7
9 (RLIN) 185124
852 ## - LOCALIZACIÓN
Ubicación ES-MaACL
Número de control de estantería AND-884
Sublocalización o colección R.110172
Holdings
Estatus retirado Estado de pérdida Estado de daño No para préstamo Biblioteca de origen Biblioteca actual Ubicación en estantería Fecha de adquisición Fuente de adquisición Total de préstamos Signatura topográfica completa Código de barras Visto por última vez Precio de reemplazo Tipo de ítem Koha
        Biblioteca del Ateneo de Madrid Biblioteca del Ateneo de Madrid Depósito 2 17/01/2008     AND-884 1110841 23/02/2023 23/02/2023 Libro impreso